| 000 | 01549nam a2200385 a 4500 | ||
|---|---|---|---|
| 001 | ebr10670869 | ||
| 003 | CaPaEBR | ||
| 006 | m u | ||
| 007 | cr cn||||||||| | ||
| 008 | 090213s2009 nyua sb 001 0 eng d | ||
| 010 | _z 2009006382 | ||
| 020 | _z9781607413158 (softcover) | ||
| 020 | _z1607413159 (softcover) | ||
| 020 | _z9781613249529 (e-book) | ||
| 040 |
_aCaPaEBR _cCaPaEBR |
||
| 035 | _a(OCoLC)743802668 | ||
| 050 | 1 | 4 |
_aHG1615 _b.B3734 2009eb |
| 082 | 0 | 4 |
_a354.8/6211 _222 |
| 100 | 1 | _aBarth, James R. | |
| 245 | 1 | 0 |
_aGlobal banking regulation and supervision _h[electronic resource] : _bwhat are the issues and what are the practices? / _cJames R. Barth, Jie Gan and Daniel E. Nolle. |
| 260 |
_aNew York : _bNova Science Publishers, _cc2009. |
||
| 300 |
_a97 p. : _bill. |
||
| 490 | 1 | _aFinancial institutions and services series | |
| 504 | _aIncludes bibliographical references (p. 81-89) and index. | ||
| 533 |
_aElectronic reproduction. _bPalo Alto, Calif. : _cebrary, _d2013. _nAvailable via World Wide Web. _nAccess may be limited to ebrary affiliated libraries. |
||
| 650 | 0 | _aBanks and banking. | |
| 650 | 0 |
_aFinancial institutions _xLaw and legislation. |
|
| 650 | 0 | _aGlobalization. | |
| 655 | 7 |
_aElectronic books. _2local |
|
| 700 | 1 | _aGan, Jie. | |
| 700 | 1 |
_aNolle, Daniel E., _d1950- |
|
| 710 | 2 | _aebrary, Inc. | |
| 830 | 0 | _aFinancial institutions and services. | |
| 856 | 4 | 0 |
_uhttp://site.ebrary.com/lib/rucke/Doc?id=10670869 _zAn electronic book accessible through the World Wide Web; click to view |
| 999 |
_c61869 _d61869 |
||